Luyện nghe tiếng Trung Quốc T.1
Nâng cao kĩ năng nghe cho người học, bồi dưỡng khả năng vận dụng ngôn ngữ trong môi trường giao tiếp thực tế. Gồm 15 bài, mỗi bài bao gồm 5 phần: từ mới, nghe và lặp lại,đối thoại theo chức năng, bài học,bài tập nghe hiểu và phân biệt;...
Sparad:
| Huvudupphovsman: | |
|---|---|
| Övriga upphovsmän: | |
| Materialtyp: | Bok |
| Språk: | Undetermined |
| Publicerad: |
Tp. Hồ Chí Minh
Tổng hợp Tp. Hồ Chí Minh
2007
|
| Ämnen: | |
| Länkar: | http://lrc.tdmu.edu.vn/opac/search/detail.asp?aID=2&ID=14970 |
| Taggar: |
Lägg till en tagg
Inga taggar, Lägg till första taggen!
|
| Thư viện lưu trữ: | Trung tâm Học liệu Trường Đại học Thủ Dầu Một |
|---|
| LEADER | 01158nam a2200229Ia 4500 | ||
|---|---|---|---|
| 001 | TDMU_14970 | ||
| 008 | 210410s9999 xx 000 0 und d | ||
| 082 | |a 495.183 | ||
| 090 | |b Đ116 | ||
| 100 | |a Đặng, Ân Minh | ||
| 245 | 0 | |a Luyện nghe tiếng Trung Quốc | |
| 245 | 0 | |c Đặng Ân Minh, Trần Nhược Phàm;Nguyễn Thị Minh Hồng (d.) | |
| 245 | 0 | |n T.1 | |
| 260 | |a Tp. Hồ Chí Minh | ||
| 260 | |b Tổng hợp Tp. Hồ Chí Minh | ||
| 260 | |c 2007 | ||
| 300 | |a 161tr. | ||
| 520 | |a Nâng cao kĩ năng nghe cho người học, bồi dưỡng khả năng vận dụng ngôn ngữ trong môi trường giao tiếp thực tế. Gồm 15 bài, mỗi bài bao gồm 5 phần: từ mới, nghe và lặp lại,đối thoại theo chức năng, bài học,bài tập nghe hiểu và phân biệt; Không kèm CD | ||
| 650 | |a Hán ngữ |x Luyện nghe | ||
| 700 | |a Trần, Nhược Phàm | ||
| 856 | |u http://lrc.tdmu.edu.vn/opac/search/detail.asp?aID=2&ID=14970 | ||
| 980 | |a Trung tâm Học liệu Trường Đại học Thủ Dầu Một | ||